Del Real al Colón: Historia de la moneda en Costa Rica = (Record no. 849)
[ view plain ]
| 000 -LEADER | |
|---|---|
| campo de control de longitud fija | 00665nam a22001697a 4500 |
| 008 - DATOS DE LONGITUD FIJA--INFORMACIÓN GENERAL | |
| campo de control de longitud fija | 160215b xxu||||| |||| 00| 0 eng d |
| 020 ## - NÚMERO INTERNACIONAL ESTÁNDAR DEL LIBRO | |
| Número Internacional Estándar del Libro | 9789968530293 |
| 082 ## - NÚMERO DE LA CLASIFICACIÓN DECIMAL DEWEY | |
| Número de clasificación | 737.49 |
| Número de ítem | C431de |
| 100 ## - ENTRADA PRINCIPAL--NOMBRE DE PERSONA | |
| Nombre de persona | Chacón Hidalgo, Manuel Benito |
| 9 (RLIN) | 4653 |
| 245 ## - MENCIÓN DEL TÍTULO | |
| Título | Del Real al Colón: Historia de la moneda en Costa Rica = |
| Resto del título | From the Real to the Colón: The history of money in Costa Rica |
| Mención de responsabilidad, etc. | Chacón Hidalgo, Manuel Benito |
| 250 ## - MENCION DE EDICION | |
| Mención de edición | 2ª ed. |
| 260 ## - PUBLICACIÓN, DISTRIBUCIÓN, ETC. | |
| Lugar de publicación, distribución, etc. | San Josè: |
| Nombre del editor, distribuidor, etc. | Fundación Museos del Banco Central de Costa Rica, |
| Fecha de publicación, distribución, etc. | 2015 |
| 300 ## - DESCRIPCIÓN FÍSICA | |
| Extensión | 160 p. |
| Otras características físicas | ill. (col.) |
| Dimensiones | 30 cm. |
| 650 ## - PUNTO DE ACCESO ADICIONAL DE MATERIA--TÉRMINO DE MATERIA | |
| Término de materia o nombre geográfico como elemento de entrada | Numismática |
| 9 (RLIN) | 4654 |
| 650 ## - PUNTO DE ACCESO ADICIONAL DE MATERIA--TÉRMINO DE MATERIA | |
| Término de materia o nombre geográfico como elemento de entrada | Monedas |
| Subdivisión geográfica | Costa Rica |
| 9 (RLIN) | 4655 |
| 650 ## - PUNTO DE ACCESO ADICIONAL DE MATERIA--TÉRMINO DE MATERIA | |
| Término de materia o nombre geográfico como elemento de entrada | Historia |
| Subdivisión geográfica | Costa Rica |
| 9 (RLIN) | 4656 |
| Estatus retirado | Estado de pérdida | Fuente del sistema de clasificación o colocación | Estado de daño | No para préstamo | Biblioteca de origen | Biblioteca actual | Ubicación en estantería | Fecha de adquisición | Total de préstamos | Signatura topográfica completa | Código de barras | Visto por última vez | Precio de reemplazo | Tipo de ítem Koha |
|---|---|---|---|---|---|---|---|---|---|---|---|---|---|---|
| Clasificación Decimal Dewey | Biblioteca LadoV | Biblioteca LadoV | 15/02/2016 | 737.49 C431de | 004143 | 15/02/2016 | 15/02/2016 | Material 01 |
